Aktivizácia domáceho cestovného ruchu v SR diplomová práca

Salvato in:
Dettagli Bibliografici
Autore principale: Kopecká, Viera
Ente Autore: Obchodná fakulta EU. Katedra služieb a cestovného ruchu - zrušené
Altri autori: Plesník, Pavol, 1956-
Natura: Libro
Lingua:slovacco
Pubblicazione: Bratislava 2015
Tags: Aggiungi Tag
Nessun Tag, puoi essere il primo ad aggiungerne!!

MARC

LEADER 00000nbm a2200000 4500
001 0201439
005 20161212103849.7
041 0 |a slo 
044 |a SK 
245 1 0 |a Aktivizácia domáceho cestovného ruchu v SR  |b diplomová práca  |c Viera Kopecká ; školiteľ: Pavol Plesník 
264 1 |a Bratislava  |c 2015 
300 |a 86 s. 
100 1 |a Kopecká, Viera 
700 1 |a Plesník, Pavol, 1956- 
710 2 |a Obchodná fakulta EU. Katedra služieb a cestovného ruchu - zrušené